Спутниковые системы связи и компьютерные сети

গ্রন্থ-পঞ্জীর বিবরন
অন্যান্য লেখক: Виноградов Б. Н. (редактор), Дрожжинов В. И.
ভাষা:রুশ
প্রকাশিত: Москва, Эко-Трендз, 1992
মালা:Технологии электронных коммуникаций Т. 28
বিষয়গুলি:
বিন্যাস: গ্রন্থ
KOHA link:https://koha.lib.tpu.ru/cgi-bin/koha/opac-detail.pl?biblionumber=32529

MARC

LEADER 00000nam0a2200000 4500
001 32529
005 20231030204919.0
035 |a (RuTPU)RU\TPU\book\32828 
035 |a BOOK00000033 
090 |a 32529 
100 |a 20011210d1992 k y0rusy50 ca 
101 0 |a rus 
102 |a RU 
105 |a y z 000zy 
200 1 |a Спутниковые системы связи и компьютерные сети  |f под ред. Б. Н. Виноградова, В. И. Дрожжинова 
210 |a Москва  |c Эко-Трендз  |d 1992 
215 |a 156 с. 
225 1 |a Технологии электронных коммуникаций  |v Т. 28 
610 1 |a электроника 
610 1 |a связь 
610 1 |a системы спутниковые 
610 1 |a компьютерные сети 
675 |a 621.38  |v 3 
675 |a 681.324  |v 3 
702 1 |a Виноградов  |b Б. Н.  |4 340 
702 1 |a Дрожжинов  |b В. И.  |4 340 
801 0 |a RU  |b 63413507  |c 20011210  |g PSBO 
801 2 |a RU  |b 63413507  |c 20190618  |g RCR 
942 |c BK